000
00211 a2200097 4500
001
51085
100
_a
Erich P
245
_a
Microwave Technology
260
_a
New York
_b
Artech House
_c
090
_c
32346
_d
32346
942
_a
NUST-CAE
_c
M
_c
24832
999
_c
286158
_d
286158